Normal view
MARC view
- Hamza Ali ,Muhammad
Entry Personal Name
001 - CONTROL NUMBER
- control field: 119728
003 - CONTROL NUMBER IDENTIFIER
- control field: NUST
005 - DATE AND TIME OF LATEST TRANSACTION
- control field: 20231213150847.0
008 - FIXED-LENGTH DATA ELEMENTS
- fixed length control field: 231213|| aca||aabn | a|a d
040 ## - CATALOGING SOURCE
- Original cataloging agency: NUST
- Transcribing agency: NUST
100 ## - HEADING--PERSONAL NAME
- Personal name: Hamza Ali ,Muhammad
670 ## - SOURCE DATA FOUND
- Source citation: Work cat.: (NUST): Hamza Ali ,Muhammad, Numerical Investigation of Flow Across Three Side-by-side Co-Rotating Cylinders /
